000 01457cam a2200361 a 4500
001 13659556
003 NUST
005 20221026141402.0
008 040720s2004 njuaf b 001 0 eng c
010 _a 2004301490
015 _aGBA3-W6026
020 _a8129704382
035 _a(OCoLC)ocm52486445
040 _aUKM
_cS3H
_dTXA
_dDLC
042 _apcc
050 0 0 _aQA76.575
_b.L5 2004
082 0 0 _a006.7,LIZ
_222
100 1 _aLi, Ze-Nian.
_9101439
245 1 0 _aFundamentals of multimedia /
_cZe-Nian Li and Mark S. Drew.
260 _aUpper Saddle River, NJ :
_bPearson Prentice Hall,
_cc2004.
300 _axvi, 560 p., [8] p. of plates :
_bill. (some col.) ;
_c24 cm.
505 _aPart-1: Multimedia Authoring and data Representations (Page-1), Part-2: Multimedia Data Compression (Page-165), Part-3: Multimedia Communication and Retrieval (Page-419).
650 0 _aMultimedia systems.
_936511
650 0 _aData compression (Computer science)
_960248
650 0 _aComputer networks.
_93677
650 0 _aMultimedia systems
_vProblems, exercises, etc.
_9101440
650 0 _aData compression (Computer science)
_vProblems, exercises, etc.
_9101441
650 0 _aComputer networks
_vProblems, exercises, etc.
_9101442
700 1 _aDrew, Mark S.
_9101443
856 _3Table of contents only
_uhttp://www.loc.gov/catdir/toc/ecip0716/2007017469.html
906 _a7
_bcbc
_cpccadap
_d2
_encip
_f20
_gy-gencatlg
942 _2ddc
_cBK
_k006.7,LIZ
999 _c180105
_d180105